[Event "It (open)"]
[Site "masterchessopen.com Birstonas (Lithuania)"]
[Round "9"]
[White "Jegorovas Aleksandras (LTU)"]
[Black "Novitzkij Dmitrij (BLR)"]
[Result "1-0"]
[WhiteElo "2275"]
[BlackElo "2384"]

1.d4 d5 2.c4 c6 3.Nf3 Nf6 4.e3 Bf5 5.Nc3 e6 6.Nh4 Bg4 7.Qb3 Qc7 8.h3 Bh5 9.g4
Bg6 10.Nxg6 hxg6 11.Bg2 Nbd7 12.Bd2 Nb6 13.cxd5 exd5 14.O-O-O Nc4 15.Kb1 Nxd2+
16.Rxd2 O-O-O 17.g5 Ne8 18.Nxd5 Qa5 19.Rc2 Kb8 20.Rxc6 Rd6 21.Rc5 Qd8 22.Rhc1
Rd7 23.Nc7 Nd6 24.Na6+ Ka8 25.Rc7 Rxc7 26.Rxc7 {#r} 1-0

[Event "Cup Winter (cat.3)"]
[Site "masterchessopen.com Bucharest (Romania)"]
[Round "11"]
[White "Bets Anatolij (MDA)"]
[Black "Manea Alexandru (ROM)"]
[Result "1-0"]
[WhiteElo "2357"]
[BlackElo "2308"]

1.d4 d5 2.c4 c6 3.Nf3 Nf6 4.e3 Bf5 5.Nc3 e6 6.Nh4 Be4 7.f3 Bg6 8.Qb3 Qb6
9.Nxg6 hxg6 10.Bd2 Nbd7 11.Bd3 g5 12.O-O-O g4 13.Qxb6 axb6 14.cxd5 exd5 15.e4
gxf3 16.gxf3 Bb4 17.Kb1 Bxc3 18.Bxc3 Rh3 19.e5 Ng8 20.f4 g6 21.f5 gxf5 22.Bxf5
Rf3 23.Rdf1 Rxf1+ 24.Rxf1 O-O-O 25.Bh3 {#r} 1-0

[Event "It \"]
[Site "masterchessopen.com Bunratty (Ireland)"]
[Round "2"]
[White "Sutton Ian (ENG)"]
[Black "O'Connor Jonathan (IRL)"]
[Result "1-0"]
[WhiteElo "2100"]
[BlackElo "2190"]

1.d4 d5 2.Nf3 Nf6 3.e3 c6 4.c4 Bf5 5.Qb3 Qb6 6.Nc3 e6 7.Be2 Nbd7 8.O-O Be7
9.Qxb6 axb6 10.Nd2 h6 11.f3 Bb4 12.cxd5 exd5 13.e4 Bxc3 14.bxc3 dxe4 15.fxe4
Bxe4 16.Nxe4 Nxe4 17.Bc4 O-O 18.Bf4 b5 19.Bb3 Ndf6 20.Rae1 Nxc3 21.Bxh6 Nfd5
22.Bd2 Rae8 23.Rxe8 Rxe8 24.Bxc3 Nxc3 25.Bxf7+ Kf8 26.Bh5+ {#r} 1-0

[Event "It (open)"]
[Site "masterchessopen.com Dotzheim (Germany)"]
[Round "8"]
[White "Menning Uwe (GER)"]
[Black "Abdein Saiied (EGY)"]
[Result "1-0"]
[WhiteElo "2058"]
[BlackElo "2097"]

1.d4 d5 2.c4 c6 3.e3 Nf6 4.Nf3 Bf5 5.Nc3 e6 6.cxd5 cxd5 7.Qa4+ Nbd7 8.Ne5 Be7
9.Bb5 a6 10.Bxd7+ Nxd7 11.Qxd7+ Qxd7 12.Nxd7 Kxd7 13.Na4 Rab8 14.Bd2 Bd6
15.Ba5 Bc2 16.Nb6+ Ke7 17.Rc1 Bd3 18.a4 f6 19.Kd2 Bg6 20.Rc3 Bf7 21.Rhc1 Rbe8
22.Nc8+ Kd7 23.Nxd6 Kxd6 24.Bb4+ {#r} 1-0

[Event "It (cat.16)"]
[Site "masterchessopen.com Essen (Germany)"]
[Round "1"]
[White "Korchnoi Viktor (SUI)"]
[Black "Fridman Daniel (GER)"]
[Result "1-0"]
[WhiteElo "2642"]
[BlackElo "2571"]

{ Korchnoi Viktor (SUI) +4 =3 -2 } 1.d4 d5 2.c4 c6 3.Nf3 Nf6 4.e3 Bf5 5.Nc3 (
5.Bd3 Bxd3 6.Qxd3 e6 7.O-O Nbd7 8.Rd1 Be7 9.Nc3 O-O 10.e4 dxe4 11.Nxe4 Nxe4
12.Qxe4 Nf6 13.Qe2 Qc7 14.Bg5 { 1/2-1/2, Korchnoi Viktor(2639) - Komarov
Dimitri(2540), St. Petersburg 1997 Ch St. Petersburg } ) 5...e6 6.Nh4 Be4 7.f3
Bg6 8.Qb3 ( 8.Nxg6 hxg6 9.a3 Nbd7 10.cxd5 cxd5 11.Bd3 Bd6 12.f4 a6 13.O-O b5
14.Bd2 Nb6 15.Be1 Rc8 16.Qe2 Nc4 17.a4 b4 { ...1-0, Rashkovsky Nukhim N(2514)
- Masserey Yvan(2349), Biel 2001 It (open) } ) 8...Qb6 9.Nxg6 ( 9.Bd2 Qxb3
10.axb3 Bc2 11.cxd5 exd5 12.b4 g5 13.Rc1 gxh4 14.Rxc2 Bxb4 15.e4 dxe4 16.fxe4
Bxc3 17.bxc3 Nxe4 18.Bh6 Nd7 { ...1-0, Agdestein Simen(2591) - Shirov
Alexei(2718), Bergen 2001 Match (active) } ) ( 9.Qxb6 axb6 10.g4 Bd6 11.g5
Nfd7 12.cxd5 exd5 13.e4 dxe4 14.Nxe4 Bxe4 15.fxe4 g6 16.Nf3 c5 17.Be3 Nc6
18.O-O-O Ke7 { ...1-0, Onischuk Alexander(2658) - Balcerak Jakob(2431),
Germany 2001 Bundesliga 2000/01 } ) 9...hxg6 { ?/= +0,48 CAP } 10.Kf2 { N } (
10.Bd2 Nbd7 11.g3 ( 11.O-O-O Qxb3 12.axb3 Bd6 13.h3 Nh5 14.Bd3 Ng3 15.Rhe1
O-O-O 16.cxd5 exd5 17.e4 dxe4 18.fxe4 f6 19.Re3 Nh5 { ...1/2-1/2, Kramnik
Vladimir(2772) - Shirov Alexei(2718), Astana 2001 It (cat.20) } ) 11...Bd6
12.Kf2 Qxb3 13.axb3 a6 14.Kg2 O-O 15.g4 b5 16.g5 Nh5 17.c5 Bc7 18.f4 f5 19.Be2
Kf7 { ...1-0, Ivanchuk Vassily(2717) - Grabarczyk Miroslaw(2489), Warsaw 2001
Polish Supercup (team) } ) ( 10.g3 Nbd7 11.Bd2 Bd6 12.Kf2 Qc7 13.Kg2 Rd8
14.Be1 O-O 15.Rc1 Qb8 16.Bf2 Rfe8 17.Be2 Bf8 18.Rhd1 Nb6 19.e4 dxe4 {
...1/2-1/2, Karpov Anatoly(2679) - Anand Viswanathan(2790), Monaco 2000 It
"Melody Amber" (active) } ) ( 10.c5 Qc7 11.Bd2 Nbd7 12.f4 Be7 13.Qd1 Ne4
14.Nxe4 dxe4 15.g3 Rh6 16.Qc2 f5 17.Bc4 g5 18.O-O-O b5 19.cxb6 axb6 {
...1/2-1/2, Milov Vadim(2604) - Hauchard Arnaud(2527), Istanbul 2000 Olympiad
} ) 10...Nbd7 11.g3 { ?! +0,16 } ( 11.Qxb6 { !? } 11...axb6 12.b3 Bb4 13.Bb2 {
+0,58 } ) 11...Qc7 12.cxd5 exd5 13.Kg2 Qb6 14.Bd3 Qxb3 15.axb3 a6 16.e4 dxe4
17.fxe4 c5 18.e5 cxd4 19.exf6 dxc3 20.Re1+ Kd8 21.Rd1 Kc8 { ?! +0,54 } (
21...Rc8 { !? } 22.bxc3 gxf6 23.Be4 Rc7 { +0,10 } ) 22.Ra4 gxf6 { ?! +1,06 } (
22...Ne5 { !? } 23.fxg7 Bxg7 24.bxc3 Rd8 { +0,37 } ) 23.Rc4+ Kb8 { ?! +2,00 }
( 23...Kd8 { !? } 24.Be4 c2 25.Rxc2 Rc8 { +1,06 } ) 24.Be4 Nb6 { ?? +5,00 } (
24...Nc5 { !? } 25.Be3 cxb2 26.Bxc5 Bxc5 { +2,00 } ) 25.Rd8+ Ka7 26.Rc7 {#r}
1-0

[Event "Ch France (team) (juniors) 2001/02"]
[Site "masterchessopen.com France"]
[Round "9"]
[White "Delory Lucas (FRA)"]
[Black "Jardine Ludovic (FRA)"]
[Result "0-1"]
[WhiteElo "1857"]
[BlackElo "1888"]

1.d4 d5 2.Nf3 Nf6 3.c4 c6 4.e3 Bf5 5.Nc3 Nbd7 6.b3 e6 7.Be2 Bd6 8.Bb2 Rc8 9.c5
Bc7 10.O-O O-O 11.Ba3 Re8 12.Rc1 e5 13.b4 b5 14.Qb3 e4 15.Nd2 Ng4 16.Bxg4 Qh4
17.g3 Qxg4 18.Bb2 Qh3 19.Rfe1 Bg4 20.a4 Bf3 21.Nxf3 exf3 22.Qd1 Qg2# 0-1

[Event "It (open)"]
[Site "masterchessopen.com La Fere (France)"]
[Round "5"]
[White "Dumitrache Dragos-Nicolae (ROM)"]
[Black "Cappon John (FRA)"]
[Result "1-0"]
[WhiteElo "2475"]
[BlackElo "2193"]

1.d4 d5 2.Nf3 Nf6 3.c4 c6 4.e3 Bf5 5.Nc3 e6 6.Nh4 Bg4 7.Qb3 Qb6 8.h3 Bh5 9.g4
Bg6 10.Nxg6 hxg6 11.Bg2 Nbd7 12.Bd2 Qb4 13.Nxd5 Qxb3 14.Nxf6+ {#r} 1-0

[Event "Ch Austria"]
[Site "masterchessopen.com Oberpullendorf (Austria)"]
[Round "3"]
[White "Kummer Helmut (AUT)"]
[Black "Sandhoefner Florian (AUT)"]
[Result "1-0"]
[WhiteElo "2341"]
[BlackElo "2259"]

1.d4 d5 2.c4 c6 3.Nf3 Nf6 4.e3 Bf5 5.Nc3 e6 6.Qb3 Qc7 7.Bd2 Bd6 8.Rc1 a6 9.h3
Nbd7 10.cxd5 exd5 11.Nh4 Be6 12.Bd3 g6 13.O-O O-O 14.Qc2 Rfe8 15.Nf3 Nf8
16.Rb1 Ne4 17.Bxe4 dxe4 18.Nxe4 Bxa2 19.Nf6+ Kg7 20.Nxe8+ Rxe8 21.Rbe1 Qb6
22.e4 {#r} 1-0

[Event "It (open)"]
[Site "masterchessopen.com Pardubice (Czech Republic)"]
[Round "3"]
[White "Fridman Daniel (GER)"]
[Black "Jirka Jiri (CZE)"]
[Result "1-0"]
[WhiteElo "2571"]
[BlackElo "2370"]

1.c4 Nf6 2.Nf3 c6 3.d4 d5 4.e3 Bf5 5.Nc3 a6 6.Ne5 b5 7.g4 Bc8 8.cxd5 cxd5 9.g5
Ne4 10.Nxe4 dxe4 11.a4 b4 12.Bg2 Bb7 13.Qg4 Qd5 14.Bd2 a5 15.Rc1 Nd7 16.Bxe4
{#r} 1-0

[Event "Ch Europe (juniors) (under 14)"]
[Site "masterchessopen.com Peniscola (Spain)"]
[Round "4"]
[White "Grigoryan Avetik (ARM)"]
[Black "Bonnet Edouard (FRA)"]
[Result "0-1"]
[WhiteElo "2166"]
[BlackElo "2128"]

1.d4 d5 2.Nf3 Nf6 3.c4 c6 4.e3 Bf5 5.Qb3 Qb6 6.c5 Qc7 7.Ne5 Nbd7 8.f4 Ne4
9.Be2 f6 10.g4 Be6 11.Nd3 Bf7 12.f5 g5 13.Qd1 e5 14.Nd2 O-O-O 15.Nf1 h5
16.gxh5 Bh6 17.Nf2 Rhe8 18.a4 exd4 19.exd4 Qa5+ 20.Bd2 Nxd2 21.Qxd2 Rxe2+
22.Kxe2 Re8+ 23.Kd3 Qa6+ 24.Kc3 Qc4# 0-1

[Event "It (open)"]
[Site "masterchessopen.com Struga (Macedonia)"]
[Round "5"]
[White "Ilic Zoran (MKD)"]
[Black "Andonov Bogomil (BUL)"]
[Result "0-1"]
[WhiteElo "2299"]
[BlackElo "2290"]

1.Nf3 Nf6 2.d4 d5 3.c4 c6 4.e3 Bf5 5.Nh4 Bg4 6.f3 Bh5 7.g4 Bg6 8.Nc3 e6 9.Ng2
h6 10.Be2 Bd6 11.O-O Nbd7 12.a3 Bh7 13.c5 Bc7 14.Bd2 g5 15.Be1 h5 16.gxh5 Nxh5
17.e4 Bf4 18.e5 f6 19.Nxf4 Nxf4 20.exf6 Nxf6 21.Bg3 N6h5 22.Re1 Qf6 23.Bf1 Bf5
24.Bg2 Rh7 25.Re3 Kf7 26.Qf1 Nxg3 {#R} 0-1

[Event "It (open)"]
[Site "masterchessopen.com Nyiregyhaza (Hungary)"]
[Date "2002.06.29"]
[Round "1"]
[White "Prokopishin Vasily (UKR)"]
[Black "Kosa Peter (HUN)"]
[Result "1-0"]
[WhiteElo "2353"]
[BlackElo "2142"]

1.Nf3 d5 2.d4 Nf6 3.c4 c6 4.e3 Bf5 5.Nc3 e6 6.Be2 Bd6 7.Nh4 Ne4 8.Nxf5 exf5
9.Qb3 Nxc3 10.bxc3 Qc7 11.Rb1 b6 12.cxd5 O-O 13.Bd2 Re8 14.g3 Nd7 15.dxc6 Qxc6
16.O-O f4 17.Bc4 fxg3 18.fxg3 Qc7 19.Bxf7+ Kh8 20.Bxe8 Rxe8 21.Rf3 {#r} 1-0

[Event "It (open)"]
[Site "masterchessopen.com Greifswald (Germany)"]
[Date "2002.08.25"]
[Round "7"]
[White "Herrmann Carsten (GER)"]
[Black "Krueger Alexander (GER)"]
[Result "1-0"]
[WhiteElo "1992"]
[BlackElo "2008"]

1.d4 d5 2.c4 c6 3.Nf3 Nf6 4.e3 Bf5 5.Qb3 b6 6.Nc3 e6 7.Ne5 Qc7 8.Bd2 Nbd7 9.f4
Be7 10.Rc1 Nxe5 11.fxe5 Ne4 12.cxd5 exd5 13.Nxe4 Bxe4 14.Bb5 O-O 15.Bxc6 Qc8
16.Bxd5 Qg4 17.Bxe4 Bh4+ 18.g3 Qxe4 19.O-O Bg5 20.Rc7 h5 {#r} 1-0

[Event "Ch Argentina (juniors) (under 16) (g)"]
[Site "masterchessopen.com Argentina"]
[Round "3"]
[White "Tournier Virginia (ARG)"]
[Black "Navarro Karina (ARG)"]
[Result "1-0"]
[WhiteElo "1933"]
[BlackElo "1886"]

1.d4 d5 2.c4 c6 3.Nf3 Nf6 4.e3 Bf5 5.cxd5 cxd5 6.Qb3 Qc7 7.Bd2 e6 8.Bb5+ Nbd7
9.O-O Bd6 10.Rc1 Qb6 11.Qa4 a6 12.Bxd7+ Nxd7 13.Nh4 Qxb2 14.Nxf5 exf5 15.Rd1
Rc8 16.Nc3 Rc4 17.Qa5 Bb4 18.Qxd5 Nb6 19.Qe5+ Kf8 20.Rab1 Qa3 21.Nd5 Bd6
22.Qxf5 Nxd5 23.Qxd5 Rc7 24.Bb4 {#r} 1-0

[Event "Tournament (Elo) (b)"]
[Site "masterchessopen.com Budapest (Hungary)"]
[Round "6"]
[White "Biro David (HUN)"]
[Black "Garnier-Salvi Vincent (FRA)"]
[Result "1-0"]
[WhiteElo "2176"]
[BlackElo "1934"]

1.d4 d5 2.c4 c6 3.Nf3 Nf6 4.e3 Bf5 5.Nc3 e6 6.Be2 dxc4 7.Bxc4 Bd6 8.O-O Nbd7
9.Qe2 Ne4 10.Bd3 Nxc3 11.bxc3 Bxd3 12.Qxd3 Qa5 13.c4 e5 14.Bb2 O-O 15.Qf5 Rad8
16.dxe5 Nxe5 17.Bxe5 Rde8 18.Ng5 g6 19.Qh3 h5 20.Bxd6 {#r} 1-0

[Event "Ch Europe"]
[Site "masterchessopen.com Istanbul (Turkey)"]
[Round "4"]
[White "Izoria Zviad (GEO)"]
[Black "Volkmann Friedrich (AUT)"]
[Result "1-0"]
[WhiteElo "2600"]
[BlackElo "2454"]

1.d4 d5 2.c4 c6 3.Nf3 Nf6 4.e3 Bf5 5.Nc3 e6 6.Nh4 Be4 7.f3 Bg6 8.Qb3 Qc7 9.Bd2
Nbd7 10.cxd5 exd5 11.Nxg6 hxg6 12.O-O-O b5 13.Kb1 Rxh2 14.Rxh2 Qxh2 15.e4 b4
16.Nxd5 cxd5 17.e5 Be7 18.exf6 Nxf6 19.Bxb4 Bd6 20.Qa4+ Kf8 21.Qc6 {#r} 1-0

[Event "Ch Europe"]
[Site "masterchessopen.com Istanbul (Turkey)"]
[Round "1"]
[White "Svetushkin Dmitry (MDA)"]
[Black "Beliavsky Alexander G (SLO)"]
[Result "0-1"]
[WhiteElo "2568"]
[BlackElo "2660"]

1.d4 d5 2.c4 c6 3.Nf3 Nf6 4.e3 Bf5 5.Nc3 e6 6.Nh4 Be4 7.f3 Bg6 8.Qb3 Qc7 9.Bd2
Nbd7 10.Rc1 Be7 11.g3 Nb6 12.cxd5 exd5 13.Kf2 O-O 14.Nxg6 fxg6 15.Kg2 Kh8
16.g4 Rfe8 17.Bd3 Bd8 18.Rhe1 Qf7 19.Kf1 Bc7 {#R} 0-1

[Event "It (open) \"]
[Site "masterchessopen.com Izmir (Turkey)"]
[Round "7"]
[White "Ataman Alper (TUR)"]
[Black "Unal Mustafa Kemal (TUR)"]
[Result "1-0"]
[WhiteElo "2189"]
[BlackElo "1836"]

1.d4 d5 2.c4 c6 3.Nf3 Nf6 4.e3 Bf5 5.Nc3 e6 6.Nh4 Bg6 7.Nxg6 hxg6 8.Bd3 dxc4
9.Bxc4 b5 10.Bd3 Nbd7 11.O-O a6 12.a4 Bd6 13.h3 b4 14.Ne4 Nxe4 15.Bxe4 Rc8
16.b3 f5 17.Bd3 e5 18.e4 Bb8 19.exf5 gxf5 20.Re1 Qf6 21.Qe2 Kf7 22.Bc4+ {#r}
1-0

[Event "Memorial K.Tsiolkovsky (open)"]
[Site "masterchessopen.com Kaluga (Russia)"]
[Round "5"]
[White "Sultangareev Marat (RUS)"]
[Black "Tchernyi Viktor (RUS)"]
[Result "1-0"]
[WhiteElo "2332"]
[BlackElo "2325"]

1.d4 d5 2.c4 c6 3.Nf3 Nf6 4.e3 Bf5 5.Nc3 e6 6.Bd3 Bg6 7.O-O Nbd7 8.Qe2 Bb4
9.Bd2 O-O 10.Bxg6 hxg6 11.Nxd5 Nxd5 12.cxd5 Bxd2 13.dxe6 Ba5 14.exd7 Qxd7
15.Rac1 Rfe8 16.Ne5 Qe6 17.Qc4 {#r} 1-0

[Event "It (cat.15)"]
[Site "masterchessopen.com Reykjavik (Iceland)"]
[Round "2"]
[White "Korchnoi Viktor (SUI)"]
[Black "Gretarsson Helgi Ass (ISL)"]
[Result "1-0"]
[WhiteElo "2601"]
[BlackElo "2495"]

{ Korchnoi Viktor (SUI) +6 =5 -2 Gretarsson Helgi Ass (ISL) +8 =1 -0 } 1.d4 {
1 } 1...d5 2.c4 c6 3.Nf3 Nf6 4.e3 Bf5 5.Nc3 e6 6.Nh4 Be4 ( 6...Bg6 7.Nxg6 hxg6
8.g3 Nbd7 9.Qd3 Bb4 10.Bg2 Bxc3+ 11.bxc3 Nb6 12.c5 Nc4 13.e4 Nd7 14.O-O O-O
15.e5 b6 16.cxb6 axb6 17.h4 b5 18.Bg5 Qb6 19.Rfb1 Ra4 20.g4 Rfa8 21.h5 Rxa2
22.Rxa2 Rxa2 23.hxg6 Ncxe5 24.gxf7+ Nxf7 25.Be3 Qd8 26.g5 { ...0-1,
Supatashvili Khvicha 2445 - Gretarsson Helgi Ass 2465 , Yerevan 1996 Olympiad
} ) 7.f3 Bg6 8.Qb3 Qc7 9.Bd2 ( 9.g4 Be7 10.g5 Nfd7 11.Nxg6 hxg6 12.f4 f6
13.Bd2 Nf8 14.O-O-O Nbd7 15.e4 dxe4 16.Nxe4 O-O-O 17.c5 Rh4 18.Qa3 Nb8 19.Qe3
f5 20.Nf2 e5 21.dxe5 Ne6 22.Qg3 Rh5 23.b4 Nd7 24.Bc4 Ndf8 25.h4 b5 26.Be2 Rh8
27.Bc3 a5 28.a3 Qa7 { ...1-0, Milov Vadim 2626 - Rogozenko Dorian 2531 ,
Istanbul 2000 Olympiad } ) 9...Nbd7 ( 9...Bd6 10.cxd5 exd5 11.O-O-O O-O 12.g4
a5 13.Nxg6 hxg6 14.Kb1 b5 15.Rc1 Qe7 16.Bd3 Nbd7 17.Rce1 a4 18.Qd1 Nb6 19.e4
dxe4 20.fxe4 Qd7 21.e5 Bxe5 22.Rxe5 Nxg4 23.Re2 Qxd4 24.Bc2 Nc4 25.Bc1 Qb6
26.Qg1 Qxg1 27.Rxg1 Nf6 28.Ne4 Nd5 29.h4 { ...0-1, Chiburdanidze Maia 2513 -
Zhu Chen 2497 , Batumi 2001 Match "Europe-Asia" (active) } ) 10.cxd5 ( 10.Rc1
Be7 11.g3 Rc8 12.cxd5 exd5 13.Bh3 O-O 14.e4 dxe4 15.Nxg6 hxg6 16.fxe4 Rcd8
17.Be3 c5 18.Bf4 Qa5 19.Bd2 Qa6 20.Bf1 Qd6 21.d5 Ne5 22.Be2 c4 23.Qxb7 Rd7
24.Qb5 Rb8 25.Qa5 Rxb2 26.Bf4 g5 27.Bxg5 Bd8 28.Qa4 Nxe4 { 0-1, Korchnoi
Viktor 2639 - Galliamova-Ivanchuk Alisa 2496 , Amsterdam 2001 It "Ladies vs
Veterans" } ) ( 10.g3 Be7 11.cxd5 exd5 12.O-O-O O-O 13.Nxg6 hxg6 14.Kb1 a5
15.Qc2 c5 16.g4 cxd4 17.exd4 Nb6 18.h4 Rac8 19.h5 g5 20.Bxg5 Nxg4 21.Bc1 Nf6
22.Bd3 Kh8 23.Rdg1 Nc4 24.Qg2 Rg8 25.Bg6 Bf8 26.h6 gxh6 27.Bxh6 Rxg6 28.Bf4+
Nh7 29.Bxc7 Rxg2 { ...1-0, Piket Jeroen 2646 - Van Wely Loek 2645 , Monaco
2002 It "Melody Amber" (active) } ) 10...exd5 ( 10...Nxd5 11.e4 N5b6 12.Rc1
Be7 13.Nxg6 hxg6 14.e5 Bh4+ 15.Ke2 Nc8 16.Ne4 Qb6 17.Qc3 Qa6+ 18.Kd1 Qb6
19.Bc4 Be7 20.b4 Qd8 21.Nc5 Rb8 22.Bb3 Ncb6 23.f4 Nd5 24.Qf3 Nxb4 25.Ne4 Nb6
26.Ke2 N4d5 27.g4 Qd7 28.Nc5 Bxc5 29.Rxc5 Ne7 30.Be3 { ...0-1, Browne Walter S
2492 - Wojtkiewicz Aleksander 2555 , San Francisco 2002 Memorial Imre Konig
(cat.12) } ) 11.O-O-O { ?/= } ( 11.Nxg6 hxg6 12.O-O-O Nb6 13.h3 Be7 14.Bd3 Rd8
15.Kb1 Nh7 16.Ne2 Nf8 17.Rc1 Ne6 18.f4 Nc8 19.g4 Nd6 20.h4 Rxh4 21.Rxh4 Bxh4
22.g5 f6 23.gxf6 Bxf6 24.Bxg6+ Kd7 25.e4 Nxe4 26.Bxe4 dxe4 27.d5 Nf8 28.dxc6+
bxc6 29.Qf7+ Kc8 30.Qxc7+ Kxc7 { ...1-0, Savchenko Stanislav 2550 - Sokolov
Ivan 2658 , Panormo 2001 Cup European Club (final) } ) ( 11.e4 dxe4 12.Nxg6
hxg6 13.fxe4 Nb6 14.e5 Nfd5 15.Nxd5 Nxd5 16.Bc4 O-O-O 17.O-O-O Be7 18.g3 f6
19.Rde1 g5 20.h4 fxe5 21.dxe5 gxh4 22.gxh4 Bxh4 23.Qh3+ Qd7 24.Qxd7+ Kxd7
25.e6+ Kd6 26.e7 Nxe7 27.Bb4+ c5 28.Rd1+ Kc6 29.Bd2 Rd4 30.Be2 Rhd8 { ...0-1,
Krush Irina 2413 - Zhu Chen 2505 , Shanghai 2002 Match "USA-China" (team) } )
11...b5 { N } ( 11...O-O-O 12.Nxg6 ( 12.e4 dxe4 13.Nxg6 hxg6 14.fxe4 Nb6
15.Bg5 Re8 16.Bd3 Ng4 17.Rhf1 f6 18.h3 Nf2 19.Rxf2 Qg3 20.Rc2 Qxg5+ 21.Kb1 Kb8
22.d5 c5 23.a4 Rc8 24.Nb5 Qg3 25.a5 Nd7 26.a6 b6 27.d6 Rh5 28.Qf7 Rd8 29.Bc4
Re5 30.Be6 Rxe6 31.Qxe6 { ...1-0, Tregubov Pavel V 2599 - Volkov Sergey 2636 ,
Moscow 2002 It (open) "Aeroflot" } ) 12...hxg6 13.e4 dxe4 14.Qxf7 exf3 15.gxf3
Nb6 16.Qxg6 Rxd4 17.Bd3 Kb8 18.Kb1 Nbd5 19.Nxd5 Rxd5 20.h4 Qd7 21.Bg5 Bc5
22.Bc2 Rf8 23.a3 a6 24.Rhf1 Ka8 25.Bb3 Rd6 26.Rxd6 Bxd6 27.Rd1 Qc7 28.Qd3 Be5
29.Ka2 Re8 30.Qd2 c5 31.Bc4 { ...1/2-1/2, Gurevich Mikhail 2667 - Dorfman
Josif D 2600 , Cap d'Agde 2000 It (Gr.2) } ) ( 11...Qb6 12.Qxb6 axb6 13.e4
dxe4 14.Nxg6 hxg6 15.fxe4 Bb4 16.Bc4 b5 17.Bd3 Bxc3 18.Bxc3 Rxa2 19.Kb1 Ra6
20.h3 O-O 21.g4 Re8 22.Rde1 Nf8 23.g5 Nh5 24.h4 Raa8 25.Bc2 Rad8 26.Rd1 Ne6
27.Rhe1 b4 28.d5 bxc3 29.dxe6 fxe6 30.e5 Nf4 31.bxc3 { ...1/2-1/2, Khurtsidze
Nino 2425 - Zhu Chen 2497 , Moscow 2001 Ch World FIDE (KO-system) (w) } ) (
11...Be7 12.Nxg6 hxg6 13.Kb1 O-O-O 14.e4 Nb6 15.e5 Nfd7 16.Rc1 a6 17.f4 Kb8
18.a4 Nf8 19.a5 Nc4 20.Bxc4 dxc4 21.Qxc4 Ne6 22.Ne2 Rd7 23.Bc3 Rd5 24.g4 Qd7
25.h3 Rh4 26.Rcf1 f5 27.gxf5 gxf5 28.Qb3 Bd8 29.Qa2 g5 30.fxg5 Bxg5 31.Rxf5 {
...1-0, Gaprindashvili Valerian 2390 - Cruz-Lopez Claret Carlos 2288 ,
Mondariz 1999 It (open) } ) 12.Nxg6 hxg6 13.e4 Nb6 { ?! } ( 13...dxe4 14.fxe4
b4 15.Na4 Ng4 { } ) 14.Kb1 { ?! } ( 14.e5 Ng8 15.Qc2 Nc4 16.Bf4 { } ) 14...a6
15.g3 Be7 16.Bf4 Qb7 17.Bd3 O-O-O { ?! } ( 17...Nc4 18.e5 Nh5 19.Bc1 Na5 { } )
18.Rc1 Nc4 { ? } ( { ? } 18...dxe4 19.Nxe4 Nxe4 20.fxe4 Rxd4 { } ) 19.exd5
cxd5 20.Nxd5 { ! } ( 20.Qd1 { ? } 20...Nh5 21.Be5 f6 22.Bf4 { } ) 20...Qxd5
21.Rxc4+ { ! } ( 21.Bxc4 { ? } 21...bxc4 22.Rxc4+ Kd7 23.Qa4+ { } ) 21...bxc4
22.Bxc4 Qb7 23.Be6+ { } {#r} 1-0

[Event "It (open)"]
[Site "masterchessopen.com Schwarzach (Austria)"]
[Round "3"]
[White "Krivoshey Sergei (UKR)"]
[Black "Schmitz Andreas Arnold (GER)"]
[Result "1-0"]
[WhiteElo "2499"]
[BlackElo "2177"]

1.c4 c6 2.d4 d5 3.Nf3 Nf6 4.e3 Bf5 5.cxd5 Bxb1 6.Rxb1 Qxd5 7.a3 Nbd7 8.Qc2 e6
9.Bd3 Qa5+ 10.b4 Qc7 11.e4 h6 12.O-O O-O-O 13.Be3 Kb8 14.Rfc1 Rc8 15.Qa4 Nb6
16.Qb3 Nfd7 17.a4 Bd6 18.a5 Na8 19.d5 exd5 20.exd5 Ne5 21.Nxe5 Bxe5 22.b5 Qxa5
23.bxc6 b6 24.Rc5 {#r} 1-0

[Event "Ch Paulista (final)"]
[Site "masterchessopen.com Serra Negra (Brazil)"]
[Round "4"]
[White "Name Gabriel (BRA)"]
[Black "Vescovi Giovanni (BRA)"]
[Result "0-1"]
[WhiteElo "2195"]
[BlackElo "2645"]

1.Nf3 d5 2.d4 c6 3.c4 Nf6 4.e3 Bf5 5.Bd3 Bg6 6.Nc3 e6 7.Ne5 Nbd7 8.Nxg6 hxg6
9.cxd5 exd5 10.Bd2 Bd6 11.g3 Qe7 12.Qf3 O-O-O 13.Qg2 Rde8 14.f3 Nf8 15.O-O-O
Ne6 16.Kb1 Kb8 17.Rde1 Ka8 18.Bc2 Qc7 19.Bb3 g5 20.g4 Bxh2 21.f4 gxf4 22.g5 f3
23.Qxf3 Nxg5 24.Qf5 Nge4 {#R} 0-1

[Event "It (open) (w) \"]
[Site "masterchessopen.com St. Petersburg (Russia)"]
[Round "5"]
[White "Kostiuk Tatiana (UKR)"]
[Black "Shaidullina Sandugach (RUS)"]
[Result "1-0"]
[WhiteElo "2316"]
[BlackElo "2308"]

1.d4 d5 2.c4 c6 3.Nf3 Nf6 4.e3 Bf5 5.Nc3 e6 6.Nh4 Be4 7.f3 Bg6 8.Qb3 Qb6 9.Bd2
Nbd7 10.Nxg6 hxg6 11.O-O-O Qc7 12.h3 Be7 13.Kb1 O-O-O 14.cxd5 exd5 15.Rc1 Kb8
16.e4 dxe4 17.Nb5 Qg3 18.fxe4 Qxb3 19.Bf4+ Ka8 20.Nc7+ Kb8 21.axb3 g5 22.Bh2
Kc8 23.Nd5 Bc5 24.Ne7+ Bxe7 25.Rxc6+ {#r} 1-0

[Event "It (open)"]
[Site "masterchessopen.com Znojmo (Czech Republic)"]
[Round "3"]
[White "Lagowski Patryk (POL)"]
[Black "Skaroupka Jiri (CZE)"]
[Result "1-0"]
[WhiteElo "2406"]
[BlackElo "2136"]

1.d4 d5 2.c4 c6 3.Nf3 Nf6 4.e3 Bf5 5.cxd5 cxd5 6.Qb3 Qc8 7.Nc3 e6 8.Bb5+ Nbd7
9.Bd2 Bd6 10.Rc1 Qd8 11.Bxd7+ Qxd7 12.Nb5 Ne4 13.Nxd6+ Nxd6 14.Ne5 Qd8 15.Qa4+
b5 16.Qa6 Qb6 17.Qxb6 axb6 18.g4 Bg6 19.Bb4 Nc4 20.Nxg6 hxg6 21.b3 Na5 22.Rc7
Nxb3 23.axb3 {#r} 1-0

[Event "It (open)"]
[Site "masterchessopen.com Zurich (Switzerland)"]
[Round "2"]
[White "Golod Vitali (ISR)"]
[Black "Fierz Martin (SUI)"]
[Result "1-0"]
[WhiteElo "2554"]
[BlackElo "2277"]

1.d4 d5 2.c4 c6 3.Nf3 Nf6 4.e3 Bf5 5.Nc3 e6 6.Nh4 Be4 7.f3 Bg6 8.Qb3 Qc7 9.Bd2
Bd6 10.cxd5 exd5 11.O-O-O Nbd7 12.e4 Bf4 13.e5 Nh5 14.Ne2 Bxd2+ 15.Rxd2 c5
16.Nxg6 hxg6 17.g4 cxd4+ 18.Kb1 d3 19.Rxd3 Nxe5 20.Rc3 Nc4 21.Qb5+ {#r} 1-0

[Event "It (open) \"]
[Site "masterchessopen.com Moscow (Russia)"]
[Date "2003.02.19"]
[Round "9"]
[White "Papadopoulou Vera (GRE)"]
[Black "Groffen Hans (NED)"]
[Result "1-0"]
[WhiteElo "2227"]
[BlackElo "2244"]

1.d4 d5 2.c4 c6 3.Nf3 Nf6 4.e3 Bf5 5.Nc3 a6 6.a4 a5 7.Qb3 Ra7 8.cxd5 cxd5
9.Bb5+ Nc6 10.Ne5 Qd6 11.Bxc6+ bxc6 12.Nxc6 Ra8 13.Qb7 Rc8 14.Nxa5 Bd7 15.Nb5
Qb8 16.Bd2 e6 17.f3 Be7 18.O-O O-O 19.Rfc1 Qxb7 20.Nxb7 Rb8 21.Rc7 Bd8 22.Nxd8
Rfxd8 23.Rc5 {#r} 1-0

[Event "Universiada"]
[Site "masterchessopen.com Evpatoria (Ukraine)"]
[Date "2003.05.14"]
[Round "3"]
[White "Eljanov Pavel (UKR)"]
[Black "Ivanov Oleg V (UKR)"]
[Result "1-0"]
[WhiteElo "2629"]
[BlackElo "2454"]

1.d4 d5 2.c4 c6 3.Nf3 Nf6 4.e3 Bf5 5.Nc3 e6 6.Nh4 Bg4 7.Qb3 Qb6 8.h3 Bh5 9.Bd2
Nbd7 10.g4 Bg6 11.g5 Ng8 12.Nxg6 hxg6 13.cxd5 Qxb3 14.axb3 exd5 15.Bd3 Bd6
16.Ke2 a6 17.b4 O-O-O 18.b5 axb5 19.Ra8+ Nb8 20.Rc1 Bc7 21.Nxb5 cxb5 22.Ba5
Rd7 23.Bxb5 Re7 24.Bb6 {#r} 1-0